Responses for Show #8847 - Tuesday, April 11, 2023

Contestants

[<< previous game]

Kat Jepson, an artist originally from Virginia Beach, Virginia

Mark Sutch, a theatre professor from Concord, North Carolina

Robbi Ramirez, a writer from Orlando, Florida (whose 1-day cash winnings total $23,800)

[next game >>]

Jeopardy! Round responses

BAD BOYS IN BOOKS
ARCHITECTURALLY SPEAKING
I GOT THE RECEIPTS
A PRESIDENTIAL LAST NAME
WHALES
TIME FOR A "LITTLE" MUSIC
    $200 16
(Ken: Takes me back--The [*] War is that book.)

chocolate

Triple Stumper
    $200 24
the ground floor

Robbi
    $200 23
Rolls Royce

Triple Stumper
    $200 25
a Hoover

Mark
    $200 30
(Ken: Now it's time for
the [*], yes.)

humpback whales

Kat
    $200 11
Little Richard

Kat
    $400 15
Percy Jackson

Robbi
    $400 21
throw stones

Robbi
    $400 26
(Kat: Who is Hendrix?)

Bob Dylan

RobbiKat
    $400 18
Wilson

Triple Stumper
    $400 7
teeth

Kat
    $400 1
"Little Red Corvette"

Mark
    $600 12
The Outsiders

Mark
    $600 20
if you can't take the heat, get out of the kitchen

Robbi
    $600 27
(Ken: Okay, we're 0 for 2 on sports; he owns [*].)

the Dallas Cowboys

Triple Stumper
    $600 17
ford

Mark
    $600 5
(Kat: What is a humpback whale?)

a blue whale

RobbiKat
    $600 3
(Mark: What is Little Big Time?)

Little Big Town

MarkKat
    $800 13
Augustus Gloop

Robbi
    $800 19
a blueprint

Kat
    $800 28
a Gutenberg Bible

Kat
    $800 2
Cleveland

Robbi
    $800 4
narwhals

Kat
    $800 6
"Dirty Little Secret"

Kat
    $1,200 14
the Artful Dodger

Robbi
    $1000 22
buttress

Mark
    $1000 29
a Fabergé egg

Kat
    $1000 9
pierce

Robbi
    $1000 8
an orca (killer whale)

Mark
    $1000 10
"Crazy Little Thing Called Love"

Robbi

Scores at the first commercial break (after clue 14):

Robbi Mark Kat
$5,400 $1,400 $2,200

Scores at the end of the Jeopardy! Round:

Robbi Mark Kat
$7,400 $3,200 $4,600

Double Jeopardy! Round responses

NO, PRIME MINISTER
ADAPTERS
ONE HOT MoMA
(Ken: The Museum of Modern Art in New York City.)
THE I.V. LEAGUE
QUEEN VICTORIA GEOGRAPHY
A LANGUAGE OF CONSONANT PLUS VOWEL
(Ken: Each response is those two in that order.)
    $400 28
a handshake

Robbi
    $400 30
Pride and Prejudice

Kat
    $400 26
the Pink Panther

Kat
    $400 27
California

Mark
    $400 4
a hippopotamus

Robbi
    $400 29
we

Kat
    $800 17
confidence

Kat
    $800 25
Where the Wild Things Are

Kat
    $800 1
O'Keeffe

Kat
    $800 21
in vitro

Mark
    $800 6
Queensland

Kat
    $800 3
(Ken: Jawohl, you're correct.)

ja

Mark
    $1200 16
(Ken: Classic oops from [*].)

Chamberlain

Mark
    $1200 24
Julian Fellowes

Mark
    $1200 2
(Mark: What is Super Fly?)

Shaft

RobbiMark
    $1200 20
an immigration visa

Mark
    $1200 11
Belize

Mark
    $1200 5
re

Mark
    $1600 15
Franco

Mark
    $1600 23
The Last of Us

Robbi
    $1600 9
Gauguin

Kat
    $1600 18
(Robbi: [No response])

proxy

RobbiKat
    $1600 12
Malta

Triple Stumper
    $1600 7
de

Kat
    $2000 14
(Robbi: What is Germany?)
(Mark: What is Norway?)

Sweden

RobbiMark
Triple Stumper
    $2000 22
Nick Hornby

Mark
    $5,000 10
Pollock

Kat
    $2000 19
the intake valve

Kat
    $2000 13
Livingstone

Mark
    $3,000 8
mu & nu

Kat

Scores at the end of the Double Jeopardy! Round:

Robbi Mark Kat
$7,400 $13,600 $23,800

[wagering suggestions for these scores]

Final Jeopardy! Round responses

NOBEL PEACE PRIZE WINNERS
(Ken: [To Mark] I like the guess, but Gandhi never won the Nobel Peace Prize; he was assassinated too soon.)
...
(Ken: The other anti-apartheid activist who lived in the neighborhood--[**].)
RobbiWho are Kissinger and Merkel
$7,300
MarkWho are Mandela and Gandhi?
$13,600
KatWho are Mandela + Obam
$3,401
Nelson Mandela & Archbishop Desmond Tutu

Final scores:

Robbi Mark Kat
$100 $0 $20,399
2nd place: $2,000 3rd place: $1,000 New champion: $20,399

Game dynamics:

Coryat scores:

Robbi Mark Kat
$7,200 $13,600 $19,800
15 R
(including 1 DD),
2 W
17 R,
3 W
22 R
(including 2 DDs),
2 W

Combined Coryat: $40,600

[game clues] [game scores] [suggest correction]

Game tape date: 2023-01-18
The J! Archive is created by fans, for fans. Scraping, republication, monetization, and malicious use prohibited; this site may use cookies and collect identifying information. See terms. The Jeopardy! game show and all elements thereof, including but not limited to copyright and trademark thereto, are the property of Jeopardy Productions, Inc. and are protected under law. This website is not affiliated with, sponsored by, or operated by Jeopardy Productions, Inc. Join the discussion at JBoard.tv.